[Event "World Youth & Cadets Rapid Championships"]
[Site "Rhodes, Greece"]
[Date "2022.05.01"]
[Round "4.39"]
[White "Smietanska, Wiktoria"]
[Black "Hnatyshyn, Anastasiia"]
[Result "1/2-1/2"]
[TimeControl "10'/game & 5\"/move"]
[WhiteElo "1781"]
[BlackElo "1889"]

1. c4 {[%clk 00:10:09]} e5 {[%clk 00:10:09]} {[%emt 00:00:01]} 2. Nc3 {[%clk
00:10:12]} {[%emt 00:00:02]} Nf6 {[%clk 00:10:12]} {[%emt 00:00:02]} 3. Nf3
{[%clk 00:10:16]} {[%emt 00:00:02]} Nc6 {[%clk 00:10:12]} {[%emt 00:00:04]} 4.
e4 {[%clk 00:10:19]} {[%emt 00:00:02]} Be7 {[%clk 00:09:49]} {[%emt 00:00:28]}
5. d4 {[%clk 00:10:22]} {[%emt 00:00:02]} exd4 {[%clk 00:09:49]} {[%emt
00:00:05]} 6. Nxd4 {[%clk 00:10:25]} {[%emt 00:00:02]} O-O {[%clk 00:09:42]}
{[%emt 00:00:12]} 7. Be2 {[%clk 00:10:25]} {[%emt 00:00:05]} Bb4 {[%clk
00:09:20]} {[%emt 00:00:27]} 8. f3 {[%clk 00:10:22]} {[%emt 00:00:09]} Nxd4
{[%clk 00:08:48]} {[%emt 00:00:36]} 9. Qxd4 {[%clk 00:10:24]} {[%emt 00:00:03]}
d6 {[%clk 00:08:45]} {[%emt 00:00:08]} 10. Bg5 {[%clk 00:10:17]} {[%emt
00:00:12]} h6 {[%clk 00:08:12]} {[%emt 00:00:38]} 11. Bh4 {[%clk 00:09:59]}
{[%emt 00:00:23]} Be6 {[%clk 00:07:09]} {[%emt 00:01:08]} 12. O-O-O {[%clk
00:09:38]} {[%emt 00:00:26]} c6 {[%clk 00:05:40]} {[%emt 00:01:34]} 13. f4
{[%clk 00:09:03]} {[%emt 00:00:40]} Bxc3 {[%clk 00:04:10]} {[%emt 00:01:35]} 14.
bxc3 {[%clk 00:07:57]} {[%emt 00:01:11]} c5 {[%clk 00:02:51]} {[%emt 00:01:24]}
15. Qd3 {[%clk 00:07:26]} {[%emt 00:00:36]} Qa5 {[%clk 00:02:29]} {[%emt
00:00:27]} 16. Bxf6 {[%clk 00:07:13]} {[%emt 00:00:18]} gxf6 {[%clk 00:02:32]}
{[%emt 00:00:03]} 17. Rd2 {[%clk 00:07:06]} {[%emt 00:00:12]} b5 {[%clk
00:01:32]} {[%emt 00:01:05]} 18. cxb5 {[%clk 00:06:53]} {[%emt 00:00:18]} Qa3+
{[%clk 00:01:07]} {[%emt 00:00:30]} 19. Kd1 {[%clk 00:06:51]} {[%emt 00:00:07]}
Bxa2 {[%clk 00:00:59]} {[%emt 00:00:13]} 20. Ke1 {[%clk 00:06:31]} {[%emt
00:00:24]} Qc1+ {[%clk 00:00:35]} {[%emt 00:00:29]} 21. Bd1 {[%clk 00:06:34]}
{[%emt 00:00:02]} Bb1 {[%clk 00:00:38]} {[%emt 00:00:02]} 22. Qe3 {[%clk
00:06:29]} {[%emt 00:00:10]} Rae8 {[%clk 00:00:36]} {[%emt 00:00:08]} 23. Re2
{[%clk 00:06:00]} {[%emt 00:00:34]} Qxe3 {[%clk 00:00:29]} {[%emt 00:00:12]} 24.
Rxe3 {[%clk 00:06:03]} Bxe4 {[%clk 00:00:30]} {[%emt 00:00:04]} 25. Kf2 {[%clk
00:06:05]} {[%emt 00:00:04]} f5 {[%clk 00:00:27]} {[%emt 00:00:08]} 26. Be2
{[%clk 00:06:06]} {[%emt 00:00:03]} d5 {[%clk 00:00:25]} {[%emt 00:00:08]} 27.
Ra1 {[%clk 00:06:08]} {[%emt 00:00:03]} Re7 {[%clk 00:00:28]} 28. Ra6 {[%clk
00:06:02]} {[%emt 00:00:11]} f6 {[%clk 00:00:24]} {[%emt 00:00:09]} 29. Rg3+
{[%clk 00:06:03]} {[%emt 00:00:04]} Kh7 {[%clk 00:00:27]} {[%emt 00:00:02]} 30.
Bh5 {[%clk 00:05:38]} {[%emt 00:00:30]} d4 {[%clk 00:00:12]} {[%emt 00:00:20]}
31. cxd4 {[%clk 00:05:40]} {[%emt 00:00:04]} cxd4 {[%clk 00:00:15]} {[%emt
00:00:01]} 32. Rga3 {[%clk 00:05:41]} {[%emt 00:00:04]} Ra8 {[%clk 00:00:09]}
{[%emt 00:00:11]} 33. b6 {[%clk 00:05:39]} {[%emt 00:00:07]} d3 {[%clk
00:00:10]} {[%emt 00:00:04]} 34. bxa7 {[%clk 00:05:39]} {[%emt 00:00:06]} d2
{[%clk 00:00:10]} {[%emt 00:00:04]} 35. Ra2 {[%clk 00:05:30]} {[%emt 00:00:14]}
Rd7 {[%clk 00:00:13]} {[%emt 00:00:02]} 36. Bd1 {[%clk 00:05:31]} {[%emt
00:00:04]} Kg7 {[%clk 00:00:13]} {[%emt 00:00:05]} 37. Ke3 {[%clk 00:05:20]}
{[%emt 00:00:16]} Rd3+ {[%clk 00:00:11]} {[%emt 00:00:07]} 38. Ke2 {[%emt
00:00:11]} Rd7 {[%clk 00:00:14]} 39. Kf2 {[%clk 00:05:01]} {[%emt 00:00:20]}
Bb7 {[%clk 00:00:09]} {[%emt 00:00:10]} 40. R6a5 {[%clk 00:04:58]} {[%emt
00:00:07]} Be4 {[%clk 00:00:13]} {[%emt 00:00:02]} 41. g3 {[%clk 00:05:00]}
{[%emt 00:00:03]} Kg6 {[%clk 00:00:16]} {[%emt 00:00:02]} 42. Ke3 {[%clk
00:04:43]} {[%emt 00:00:21]} Rd3+ {[%clk 00:00:20]} {[%emt 00:00:02]} 43. Ke2
{[%clk 00:04:33]} {[%emt 00:00:16]} Rd7 {[%clk 00:00:23]} 44. Kf2 {[%clk
00:04:16]} {[%emt 00:00:22]} Kg7 {[%clk 00:00:26]} {[%emt 00:00:02]} 45. R5a3
{[%clk 00:04:13]} {[%emt 00:00:08]} Kg6 {[%clk 00:00:27]} {[%emt 00:00:04]} 46.
Ke3 {[%clk 00:04:00]} {[%emt 00:00:17]} Kg7 {[%clk 00:00:23]} {[%emt 00:00:10]}
47. g4 {[%clk 00:03:01]} {[%emt 00:01:04]} Re8 {[%clk 00:00:13]} {[%emt
00:00:15]} 48. Kf2 {[%clk 00:02:51]} {[%emt 00:00:15]} Ra8 {[%clk 00:00:08]}
{[%emt 00:00:10]} 49. gxf5 {[%clk 00:02:46]} {[%emt 00:00:09]} Bxf5 {[%clk
00:00:10]} {[%emt 00:00:04]} 50. Ra1 {[%clk 00:01:39]} {[%emt 00:01:12]} Be4
{[%clk 00:00:11]} {[%emt 00:00:04]} 51. Ke3 {[%clk 00:00:24]} {[%emt 00:01:20]}
Re8 {[%clk 00:00:10]} {[%emt 00:00:06]} 52. Kf2 {[%clk 00:00:26]} {[%emt
00:00:03]} Ra8 {[%clk 00:00:13]} {[%emt 00:00:02]} 53. Ra4 {[%clk 00:00:21]}
{[%emt 00:00:10]} f5 {[%clk 00:00:12]} {[%emt 00:00:06]} 54. Ra6 {[%clk
00:00:20]} {[%emt 00:00:06]} Kh7 {[%clk 00:00:10]} {[%emt 00:00:07]} 55. R1a2
{[%clk 00:00:11]} {[%emt 00:00:14]} Kg7 {[%clk 00:00:10]} {[%emt 00:00:05]} 56.
Ra1 {[%clk 00:00:09]} {[%emt 00:00:07]} Kh7 {[%clk 00:00:14]} {[%emt 00:00:01]}
57. R1a2 {[%clk 00:00:10]} {[%emt 00:00:05]} Kg7 {[%clk 00:00:17]} 1/2-1/2

[Event "World Youth & Cadets Rapid Championships"]
[Site "Rhodes, Greece"]
[Date "2022.05.01"]
[Round "4.40"]
[White "Zagorac, Lara"]
[Black "Aydogan, Arya"]
[Result "1/2-1/2"]
[TimeControl "10'/game & 5\"/move"]
[WhiteElo "1462"]
[BlackElo "1409"]

1. d4 {[%clk 00:10:08]} {[%emt 00:00:01]} d5 {[%clk 00:10:07]} {[%emt
00:00:02]} 2. Nf3 {[%clk 00:10:12]} {[%emt 00:00:02]} Nf6 {[%clk 00:10:10]}
{[%emt 00:00:02]} 3. Bf4 {[%clk 00:10:15]} {[%emt 00:00:02]} Bf5 {[%clk
00:10:12]} {[%emt 00:00:02]} 4. e3 {[%clk 00:10:15]} {[%emt 00:00:05]} e6
{[%clk 00:10:15]} {[%emt 00:00:02]} 5. Nbd2 {[%clk 00:10:18]} {[%emt 00:00:03]}
Bd6 {[%clk 00:10:09]} {[%emt 00:00:11]} 6. Bg3 {[%clk 00:10:21]} {[%emt
00:00:02]} O-O {[%clk 00:10:04]} {[%emt 00:00:09]} 7. Bd3 {[%clk 00:10:17]}
{[%emt 00:00:10]} Bg6 {[%clk 00:10:00]} {[%emt 00:00:08]} 8. Ne5 {[%clk
00:10:10]} {[%emt 00:00:12]} Nh5 {[%clk 00:09:11]} {[%emt 00:00:54]} 9. Nxg6
{[%clk 00:09:55]} {[%emt 00:00:19]} hxg6 {[%clk 00:09:14]} {[%emt 00:00:03]} 10.
O-O {[%clk 00:09:42]} {[%emt 00:00:18]} Nxg3 {[%clk 00:09:15]} {[%emt
00:00:04]} 11. hxg3 {[%clk 00:09:44]} {[%emt 00:00:04]} e5 {[%clk 00:09:00]}
{[%emt 00:00:20]} 12. c3 {[%clk 00:09:40]} {[%emt 00:00:08]} Nd7 {[%clk
00:08:53]} {[%emt 00:00:12]} 13. Be2 {[%clk 00:08:55]} {[%emt 00:00:50]} e4
{[%clk 00:08:37]} {[%emt 00:00:21]} 14. c4 {[%clk 00:08:46]} {[%emt 00:00:15]}
c6 {[%clk 00:08:31]} {[%emt 00:00:11]} 15. Qb3 {[%clk 00:08:26]} {[%emt
00:00:25]} Qb6 {[%clk 00:07:54]} {[%emt 00:00:41]} 16. Qxb6 {[%clk 00:08:26]}
{[%emt 00:00:06]} axb6 {[%clk 00:07:57]} {[%emt 00:00:01]} 17. cxd5 {[%clk
00:08:24]} {[%emt 00:00:07]} cxd5 {[%clk 00:08:00]} {[%emt 00:00:02]} 18. a3
{[%clk 00:08:22]} {[%emt 00:00:08]} Rac8 {[%clk 00:07:50]} {[%emt 00:00:15]} 19.
Rac1 {[%clk 00:08:22]} {[%emt 00:00:05]} f5 {[%clk 00:07:06]} {[%emt 00:00:48]}
20. Nb1 {[%clk 00:06:57]} {[%emt 00:01:30]} Nf6 {[%clk 00:06:52]} {[%emt
00:00:19]} 21. Bb5 {[%clk 00:06:40]} {[%emt 00:00:22]} Kf7 {[%clk 00:06:36]}
{[%emt 00:00:21]} 22. Rfd1 {[%clk 00:06:11]} {[%emt 00:00:34]} Ke6 {[%clk
00:06:34]} {[%emt 00:00:07]} 23. Be2 {[%clk 00:05:20]} {[%emt 00:00:57]} Rfd8
{[%clk 00:05:59]} {[%emt 00:00:40]} 24. a4 {[%clk 00:04:35]} {[%emt 00:00:50]}
Ra8 {[%clk 00:05:14]} {[%emt 00:00:49]} 25. Bb5 {[%clk 00:04:26]} {[%emt
00:00:14]} Rdc8 {[%clk 00:05:01]} {[%emt 00:00:18]} 26. Kf1 {[%clk 00:03:48]}
{[%emt 00:00:44]} Ne8 {[%clk 00:04:09]} {[%emt 00:00:57]} 27. Rxc8 {[%clk
00:03:05]} {[%emt 00:00:48]} Rxc8 {[%clk 00:04:11]} {[%emt 00:00:02]} 28. Bxe8
{[%clk 00:03:08]} {[%emt 00:00:02]} Rxe8 {[%clk 00:04:15]} {[%emt 00:00:02]} 29.
Rc1 {[%clk 00:03:11]} {[%emt 00:00:02]} Ra8 {[%clk 00:03:45]} {[%emt 00:00:35]}
30. b3 {[%clk 00:02:56]} {[%emt 00:00:20]} Kd7 {[%clk 00:03:00]} {[%emt
00:00:49]} 31. Ke2 {[%clk 00:02:52]} {[%emt 00:00:09]} Bb4 {[%clk 00:02:48]}
{[%emt 00:00:17]} 32. Nd2 {[%clk 00:02:06]} {[%emt 00:00:51]} b5 {[%clk
00:02:19]} {[%emt 00:00:35]} 33. Ra1 {[%clk 00:01:21]} {[%emt 00:00:49]} Kc7
{[%clk 00:01:22]} {[%emt 00:01:02]} 34. Kd1 {[%clk 00:01:01]} {[%emt 00:00:25]}
Kb6 {[%clk 00:01:04]} {[%emt 00:00:24]} 35. f3 {[%clk 00:00:45]} {[%emt
00:00:21]} bxa4 {[%clk 00:00:59]} {[%emt 00:00:10]} 36. bxa4 {[%clk 00:00:40]}
{[%emt 00:00:10]} Kc6 {[%clk 00:00:47]} {[%emt 00:00:17]} 37. Nb3 {[%clk
00:00:36]} {[%emt 00:00:08]} b6 {[%clk 00:00:45]} {[%emt 00:00:07]} 38. Kc2
{[%clk 00:00:30]} {[%emt 00:00:12]} Kd6 {[%clk 00:00:45]} {[%emt 00:00:05]} 39.
Kd1 {[%clk 00:00:27]} {[%emt 00:00:08]} Rc8 {[%clk 00:00:40]} {[%emt 00:00:09]}
40. Rc1 {[%clk 00:00:29]} {[%emt 00:00:03]} Ra8 {[%clk 00:00:42]} {[%emt
00:00:04]} 41. Ra1 {[%clk 00:00:32]} {[%emt 00:00:02]} g5 {[%clk 00:00:42]}
{[%emt 00:00:04]} 42. f4 {[%clk 00:00:26]} {[%emt 00:00:11]} gxf4 {[%clk
00:00:43]} {[%emt 00:00:04]} 43. gxf4 {[%clk 00:00:28]} {[%emt 00:00:03]} Rh8
{[%clk 00:00:40]} {[%emt 00:00:08]} 44. Ke2 {[%clk 00:00:31]} {[%emt 00:00:02]}
g5 {[%clk 00:00:34]} {[%emt 00:00:12]} 45. fxg5 {[%clk 00:00:21]} {[%emt
00:00:14]} Rg8 {[%clk 00:00:38]} {[%emt 00:00:01]} 46. a5 {[%clk 00:00:25]}
{[%emt 00:00:02]} bxa5 {[%clk 00:00:38]} {[%emt 00:00:05]} 47. Nxa5 {[%clk
00:00:25]} {[%emt 00:00:05]} Rxg5 {[%clk 00:00:36]} {[%emt 00:00:06]} 48. Kf2
{[%clk 00:00:21]} {[%emt 00:00:10]} Rg8 {[%clk 00:00:31]} {[%emt 00:00:09]} 49.
Nb3 {[%clk 00:00:23]} {[%emt 00:00:04]} Rc8 {[%emt 00:00:08]} 50. Rc1 {[%clk
00:00:22]} Ra8 {[%clk 00:00:35]} {[%emt 00:00:04]} 51. Ra1 {[%clk 00:00:25]}
{[%emt 00:00:02]} Rb8 {[%clk 00:00:37]} {[%emt 00:00:02]} 52. Ra6+ {[%clk
00:00:24]} {[%emt 00:00:06]} Ke7 {[%clk 00:00:39]} {[%emt 00:00:03]} 53. Nc5
{[%clk 00:00:23]} {[%emt 00:00:07]} Bxc5 {[%clk 00:00:35]} {[%emt 00:00:09]} 54.
dxc5 {[%clk 00:00:27]} {[%emt 00:00:01]} Rc8 {[%clk 00:00:31]} {[%emt
00:00:08]} 55. Ra7+ {[%clk 00:00:23]} {[%emt 00:00:09]} Ke6 {[%clk 00:00:31]}
{[%emt 00:00:05]} 56. Ra5 {[%clk 00:00:23]} {[%emt 00:00:06]} Ke5 {[%clk
00:00:31]} {[%emt 00:00:05]} 57. Ke2 {[%clk 00:00:20]} {[%emt 00:00:08]} Rb8
{[%clk 00:00:32]} {[%emt 00:00:04]} 58. Kf2 {[%clk 00:00:20]} {[%emt 00:00:05]}
f4 {[%clk 00:00:29]} {[%emt 00:00:08]} 59. exf4+ {[%clk 00:00:21]} {[%emt
00:00:04]} Kxf4 {[%clk 00:00:32]} {[%emt 00:00:02]} 60. c6 {[%clk 00:00:22]}
{[%emt 00:00:04]} Rb2+ {[%clk 00:00:33]} {[%emt 00:00:04]} 61. Kf1 {[%clk
00:00:16]} {[%emt 00:00:11]} d4 {[%clk 00:00:18]} {[%emt 00:00:20]} 62. Rc5
{[%clk 00:00:11]} {[%emt 00:00:10]} Rb1+ {[%clk 00:00:19]} {[%emt 00:00:04]} 63.
Kf2 {[%clk 00:00:14]} {[%emt 00:00:02]} e3+ {[%clk 00:00:20]} {[%emt 00:00:04]}
64. Ke2 {[%clk 00:00:14]} {[%emt 00:00:05]} Ke4 {[%clk 00:00:19]} {[%emt
00:00:06]} 65. Rc4 {[%clk 00:00:10]} {[%emt 00:00:10]} Rb2+ {[%clk 00:00:20]}
{[%emt 00:00:03]} 66. Kf1 {[%clk 00:00:11]} {[%emt 00:00:03]} Rf2+ {[%clk
00:00:18]} {[%emt 00:00:07]} 67. Ke1 {[%emt 00:00:05]} Rf8 {[%clk 00:00:17]}
{[%emt 00:00:06]} 68. c7 {[%clk 00:00:13]} {[%emt 00:00:04]} Rc8 {[%clk
00:00:21]} 69. Ke2 {[%clk 00:00:16]} {[%emt 00:00:02]} Kd5 {[%emt 00:00:05]} 70.
Rc1 {[%clk 00:00:19]} Kd6 {[%clk 00:00:21]} {[%emt 00:00:05]} 71. Rc4 {[%clk
00:00:22]} {[%emt 00:00:03]} Kd5 {[%clk 00:00:22]} {[%emt 00:00:04]} 72. Rc1
{[%clk 00:00:26]} Kd6 {[%clk 00:00:24]} {[%emt 00:00:03]} 1/2-1/2

[Event "World Youth & Cadets Rapid Championships"]
[Site "Rhodes, Greece"]
[Date "2022.05.01"]
[Round "4.41"]
[White "Rzadkowska, Kaja"]
[Black "Berezovskaya, Arina"]
[Result "0-1"]
[TimeControl "10'/game & 5\"/move"]
[WhiteElo "1244"]
[BlackElo "1219"]

1. d4 {[%clk 00:10:08]} {[%emt 00:00:01]} Nf6 {[%clk 00:10:09]} {[%emt
00:00:02]} 2. Nf3 {[%clk 00:10:09]} {[%emt 00:00:03]} d5 {[%clk 00:10:10]}
{[%emt 00:00:04]} 3. c4 {[%clk 00:09:56]} {[%emt 00:00:18]} e6 {[%clk
00:09:56]} {[%emt 00:00:20]} 4. e3 {[%clk 00:09:24]} {[%emt 00:00:36]} b6
{[%clk 00:09:41]} {[%emt 00:00:21]} 5. Be2 {[%clk 00:09:16]} {[%emt 00:00:12]}
Bb7 {[%clk 00:09:43]} {[%emt 00:00:03]} 6. O-O {[%clk 00:09:13]} {[%emt
00:00:07]} Be7 {[%clk 00:09:41]} {[%emt 00:00:09]} 7. b3 {[%clk 00:09:09]}
{[%emt 00:00:08]} O-O {[%clk 00:09:42]} {[%emt 00:00:05]} 8. Bb2 {[%clk
00:09:07]} {[%emt 00:00:06]} Nbd7 {[%clk 00:09:37]} {[%emt 00:00:10]} 9. Nc3
{[%clk 00:09:01]} {[%emt 00:00:10]} c5 {[%clk 00:09:08]} {[%emt 00:00:35]} 10.
Rc1 {[%clk 00:08:25]} {[%emt 00:00:41]} Rc8 {[%clk 00:08:47]} {[%emt 00:00:26]}
11. h3 {[%clk 00:07:13]} {[%emt 00:01:18]} h6 {[%clk 00:08:33]} {[%emt
00:00:19]} 12. a3 {[%clk 00:06:43]} {[%emt 00:00:34]} Re8 {[%clk 00:08:01]}
{[%emt 00:00:37]} 13. Re1 {[%clk 00:05:43]} {[%emt 00:01:05]} Bf8 {[%clk
00:07:09]} {[%emt 00:00:58]} 14. Bf1 {[%clk 00:05:25]} {[%emt 00:00:23]} cxd4
{[%clk 00:05:34]} {[%emt 00:01:40]} 15. exd4 {[%clk 00:05:17]} {[%emt
00:00:13]} Ba6 {[%clk 00:05:08]} {[%emt 00:00:29]} 16. Ne5 {[%clk 00:04:21]}
{[%emt 00:01:02]} dxc4 {[%clk 00:04:37]} {[%emt 00:00:37]} 17. Nxc4 {[%clk
00:03:59]} {[%emt 00:00:26]} Bxc4 {[%clk 00:04:11]} {[%emt 00:00:31]} 18. bxc4
{[%clk 00:03:58]} {[%emt 00:00:06]} e5 {[%clk 00:03:33]} {[%emt 00:00:43]} 19.
dxe5 {[%clk 00:03:11]} {[%emt 00:00:52]} Nxe5 {[%clk 00:03:26]} {[%emt
00:00:12]} 20. Nd5 {[%clk 00:02:27]} {[%emt 00:00:50]} Nxd5 {[%clk 00:02:45]}
{[%emt 00:00:46]} 21. cxd5 {[%clk 00:02:02]} {[%emt 00:00:30]} Rxc1 {[%clk
00:02:30]} {[%emt 00:00:19]} 22. Bxc1 {[%clk 00:02:04]} {[%emt 00:00:03]} Qd7
{[%clk 00:02:02]} {[%emt 00:00:34]} 23. a4 {[%clk 00:01:48]} {[%emt 00:00:21]}
Ng6 {[%clk 00:00:55]} {[%emt 00:01:11]} 24. Rxe8 {[%clk 00:01:33]} {[%emt
00:00:20]} Qxe8 {[%clk 00:00:58]} {[%emt 00:00:02]} 25. Bb5 {[%clk 00:01:12]}
{[%emt 00:00:26]} Qd8 {[%clk 00:00:56]} {[%emt 00:00:06]} 26. Bc6 {[%clk
00:00:42]} {[%emt 00:00:36]} Bc5 {[%clk 00:00:52]} {[%emt 00:00:09]} 27. Bb5
{[%clk 00:00:43]} {[%emt 00:00:04]} Qf6 {[%clk 00:00:33]} {[%emt 00:00:24]} 28.
Qe2 {[%clk 00:00:34]} {[%emt 00:00:14]} Nf4 {[%clk 00:00:22]} {[%emt 00:00:16]}
29. Qe8+ {[%clk 00:00:13]} {[%emt 00:00:26]} Kh7 {[%clk 00:00:21]} {[%emt
00:00:06]} 30. Bxf4 {[%clk 00:00:14]} {[%emt 00:00:04]} Qxf4 {[%clk 00:00:19]}
{[%emt 00:00:07]} 31. Bd3+ {[%clk 00:00:17]} {[%emt 00:00:03]} g6 {[%clk
00:00:16]} {[%emt 00:00:08]} 32. Qxf7+ {[%clk 00:00:19]} {[%emt 00:00:02]} Qxf7
{[%clk 00:00:19]} {[%emt 00:00:02]} 33. Bc4 {[%clk 00:00:16]} {[%emt 00:00:08]}
Qxf2+ {[%clk 00:00:23]} {[%emt 00:00:02]} 34. Kh1 {[%clk 00:00:20]} {[%emt
00:00:01]} Qg1# {[%clk 00:00:26]} {[%emt 00:00:02]} 0-1

[Event "World Youth & Cadets Rapid Championships"]
[Site "Rhodes, Greece"]
[Date "2022.05.01"]
[Round "4.42"]
[White "Onipko, Kateryna"]
[Black "Alessi, Clio"]
[Result "1-0"]
[TimeControl "10'/game & 5\"/move"]
[WhiteElo "1153"]
[BlackElo "1410"]

1. d4 {[%clk 00:10:09]} {[%emt 00:00:02]} d5 {[%clk 00:10:09]} {[%emt
00:00:01]} 2. c4 {[%clk 00:10:13]} {[%emt 00:00:02]} e5 {[%clk 00:10:12]}
{[%emt 00:00:01]} 3. dxe5 {[%clk 00:10:15]} {[%emt 00:00:02]} d4 {[%clk
00:10:16]} {[%emt 00:00:02]} 4. Nf3 {[%clk 00:10:18]} {[%emt 00:00:02]} Nc6
{[%clk 00:10:20]} 5. a3 {[%clk 00:10:18]} {[%emt 00:00:04]} Nge7 {[%clk
00:10:24]} {[%emt 00:00:02]} 6. g3 {[%clk 00:10:20]} {[%emt 00:00:03]} Ng6
{[%clk 00:10:27]} {[%emt 00:00:01]} 7. Bg5 {[%clk 00:10:16]} {[%emt 00:00:09]}
f6 {[%clk 00:09:22]} {[%emt 00:01:11]} 8. exf6 {[%clk 00:10:11]} {[%emt
00:00:09]} gxf6 {[%clk 00:09:05]} {[%emt 00:00:23]} 9. Bc1 {[%clk 00:09:52]}
{[%emt 00:00:23]} Be6 {[%clk 00:08:44]} {[%emt 00:00:26]} 10. Nbd2 {[%clk
00:09:41]} {[%emt 00:00:16]} Qd7 {[%clk 00:08:46]} {[%emt 00:00:04]} 11. h4
{[%clk 00:09:25]} {[%emt 00:00:21]} O-O-O {[%clk 00:08:46]} {[%emt 00:00:05]}
12. Bg2 {[%clk 00:08:51]} {[%emt 00:00:40]} h5 {[%clk 00:08:17]} {[%emt
00:00:34]} 13. Qc2 {[%clk 00:08:47]} {[%emt 00:00:08]} Bf5 {[%clk 00:08:10]}
{[%emt 00:00:12]} 14. Qa4 {[%clk 00:08:12]} {[%emt 00:00:40]} d3 {[%clk
00:07:46]} {[%emt 00:00:29]} 15. e3 {[%clk 00:07:58]} {[%emt 00:00:19]} Bd6
{[%clk 00:05:59]} {[%emt 00:01:52]} 16. Nb3 {[%clk 00:07:27]} {[%emt 00:00:36]}
Rhe8 {[%clk 00:05:40]} {[%emt 00:00:23]} 17. Nbd4 {[%clk 00:07:07]} {[%emt
00:00:27]} Nxd4 {[%clk 00:05:28]} {[%emt 00:00:16]} 18. Qxd7+ {[%clk 00:07:10]}
{[%emt 00:00:02]} Bxd7 {[%clk 00:05:13]} {[%emt 00:00:20]} 19. Nxd4 {[%clk
00:07:09]} {[%emt 00:00:05]} Ne5 {[%clk 00:04:30]} {[%emt 00:00:48]} 20. b3
{[%clk 00:06:29]} {[%emt 00:00:46]} c5 {[%clk 00:04:10]} {[%emt 00:00:25]} 21.
Nf3 {[%clk 00:06:27]} {[%emt 00:00:07]} Nxf3+ {[%clk 00:04:11]} {[%emt
00:00:04]} 22. Bxf3 {[%clk 00:06:28]} {[%emt 00:00:03]} Be5 {[%clk 00:04:08]}
{[%emt 00:00:08]} 23. Rb1 {[%clk 00:06:31]} {[%emt 00:00:03]} Bc3+ {[%clk
00:04:11]} {[%emt 00:00:02]} 24. Kd1 {[%clk 00:06:21]} {[%emt 00:00:15]} Bg4
{[%clk 00:04:09]} {[%emt 00:00:06]} 25. Bxg4+ {[%clk 00:06:24]} {[%emt
00:00:02]} hxg4 {[%clk 00:04:13]} 26. Bd2 {[%clk 00:06:18]} {[%emt 00:00:12]}
Bxd2 {[%clk 00:04:11]} {[%emt 00:00:07]} 27. Kxd2 {[%clk 00:06:21]} {[%emt
00:00:03]} Re5 {[%clk 00:03:58]} {[%emt 00:00:16]} 28. Rbc1 {[%clk 00:06:14]}
{[%emt 00:00:13]} Rf5 {[%clk 00:04:01]} {[%emt 00:00:02]} 29. Rhf1 {[%clk
00:06:18]} {[%emt 00:00:01]} Kc7 {[%clk 00:03:51]} {[%emt 00:00:16]} 30. Rc3
{[%clk 00:06:21]} {[%emt 00:00:01]} b5 {[%clk 00:03:33]} {[%emt 00:00:23]} 31.
Rxd3 {[%clk 00:06:10]} {[%emt 00:00:17]} Rxd3+ {[%clk 00:03:36]} 32. Kxd3
{[%clk 00:06:13]} {[%emt 00:00:02]} bxc4+ {[%clk 00:03:38]} {[%emt 00:00:03]}
33. Kxc4 {[%clk 00:06:15]} {[%emt 00:00:02]} Kd6 {[%clk 00:03:32]} {[%emt
00:00:11]} 34. Rd1+ {[%clk 00:06:14]} {[%emt 00:00:07]} Kc6 {[%clk 00:03:34]}
{[%emt 00:00:03]} 35. Rd2 {[%clk 00:06:13]} {[%emt 00:00:06]} a5 {[%clk
00:03:27]} {[%emt 00:00:12]} 36. Kd3 {[%clk 00:05:57]} {[%emt 00:00:21]} Rd5+
{[%clk 00:03:16]} {[%emt 00:00:16]} 37. Kc2 {[%clk 00:05:59]} {[%emt 00:00:03]}
Rf5 {[%clk 00:03:17]} {[%emt 00:00:03]} 38. Kc3 {[%clk 00:05:52]} {[%emt
00:00:12]} Kb5 {[%emt 00:00:23]} 39. a4+ {[%clk 00:05:56]} Kc6 {[%clk
00:03:05]} 40. Kc4 {[%clk 00:05:58]} {[%emt 00:00:03]} Re5 {[%clk 00:03:02]}
{[%emt 00:00:08]} 41. Kd3 {[%clk 00:05:49]} {[%emt 00:00:14]} Rf5 {[%clk
00:02:34]} {[%emt 00:00:33]} 42. Ke4 {[%clk 00:05:47]} {[%emt 00:00:07]} Rh5
{[%clk 00:02:07]} {[%emt 00:00:20]} 43. Kf4 {[%clk 00:05:50]} {[%emt 00:00:13]}
f5 {[%clk 00:02:07]} {[%emt 00:00:06]} 44. Rd8 {[%clk 00:05:51]} {[%emt
00:00:05]} Kc7 {[%clk 00:02:06]} {[%emt 00:00:06]} 45. Rd5 {[%clk 00:05:51]}
{[%emt 00:00:04]} Kc6 {[%clk 00:02:09]} {[%emt 00:00:01]} 46. Rxf5 {[%clk
00:05:54]} {[%emt 00:00:02]} Rxf5+ {[%clk 00:02:13]} {[%emt 00:00:01]} 47. Kxf5
{[%clk 00:05:57]} {[%emt 00:00:03]} Kd7 {[%clk 00:02:13]} {[%emt 00:00:05]} 48.
Kxg4 {[%clk 00:05:58]} {[%emt 00:00:04]} Ke6 {[%emt 00:00:03]} 49. Kg5 {[%clk
00:06:01]} Kf7 {[%emt 00:00:03]} 50. Kf5 {[%clk 00:06:03]} Ke7 {[%emt
00:00:04]} 51. Ke5 {[%clk 00:06:06]} {[%emt 00:00:01]} Kf7 {[%clk 00:02:26]}
{[%emt 00:00:01]} 52. Kd5 {[%clk 00:06:09]} {[%emt 00:00:02]} Kg6 {[%clk
00:02:30]} 53. Kxc5 {[%clk 00:06:13]} {[%emt 00:00:02]} Kh5 {[%clk 00:02:35]}
54. f3 {[%clk 00:06:12]} {[%emt 00:00:05]} Kg6 {[%clk 00:02:38]} {[%emt
00:00:02]} 55. g4 {[%clk 00:06:16]} {[%emt 00:00:01]} Kf6 {[%emt 00:00:01]} 56.
h5 {[%clk 00:06:20]} Kg5 {[%clk 00:02:46]} {[%emt 00:00:01]} 57. f4 {[%clk
00:06:24]} {[%emt 00:00:01]} Kh6 {[%clk 00:02:48]} {[%emt 00:00:02]} 58. f5
{[%clk 00:06:28]} {[%emt 00:00:02]} Kg5 {[%clk 00:02:52]} {[%emt 00:00:01]} 59.
Kb5 {[%emt 00:00:03]} Kf6 {[%clk 00:02:54]} {[%emt 00:00:02]} 60. e4 {[%clk
00:06:33]} {[%emt 00:00:02]} Kg7 {[%clk 00:02:56]} {[%emt 00:00:03]} 61. e5
{[%clk 00:06:36]} {[%emt 00:00:03]} 1-0